000
00224 a2200097 4500
001
3653
100
_a
Islam, N
245
_a
Imports of Pakistan: growth & structure
260
_a
_b
Pak Inst Devt Eco
_c
090
_c
2915
_d
2915
942
_a
NUST-CAE
_c
M
_c
21280
999
_c
238726
_d
238726